Impresos mexicanos del siglo XVI (incunables americanos) en la Biblioteca Nacional de México, el Museo Nacional y el Archivo General de la Nación (Record no. 7118)

MARC details
000 -CABECERA
campo de control de longitud fija 00976nam a2200253 a 4500
001 - NÚMERO DE CONTROL
campo de control BRCA_7442
005 - FECHA Y HORA DE LA ÚLTIMA TRANSACCIÓN
campo de control 20190320205834.0
008 - DATOS DE LONGITUD FIJA--INFORMACIÓN GENERAL
campo de control de longitud fija 110413s1935----mx-a######---#000-0#spa-#
041 ## - CÓDIGO DE LENGUA
Código de lengua del texto/banda sonora o título independiente spa
044 ## - CÓDIGO DEL PAÍS DE LA ENTIDAD EDITORA/PRODUCTORA
Código MARC del país mx
050 #4 - SIGNATURA TOPOGRÁFICA DE LA BIBLIOTECA DEL CONGRESO
Número de clasificación Z1412
Número de documento/Ítem .V35 1935
100 1# - ENTRADA PRINCIPAL--NOMBRE DE PERSONA
Nombre de persona Valton, Emilio
9 (RLIN) 18328
245 10 - MENCIÓN DE TÍTULO
Título Impresos mexicanos del siglo XVI (incunables americanos) en la Biblioteca Nacional de México, el Museo Nacional y el Archivo General de la Nación
Resto del título estudio bibliográfico precedido de una introducción sobre los orígenes de la imprenta en América
Mención de responsabilidad, etc. por Emilio Valton.
260 ## - PUBLICACIÓN, DISTRIBUCIÓN, ETC.
Lugar de publicación, distribución, etc. México
Nombre del editor, distribuidor, etc. Imp. Universitaria
Fecha de publicación, distribución, etc. 1935
300 ## - DESCRIPCIÓN FÍSICA
Extensión xxxi, 244 p.
Otras características físicas il., 52 láminas
500 ## - NOTA GENERAL
Nota general Ejemplar numerado 273 de 750
500 ## - NOTA GENERAL
Nota general Q195
650 14 - PUNTO DE ACCESO ADICIONAL DE MATERIA--TÉRMINO DE MATERIA
Término de materia o nombre geográfico como elemento de entrada Literatura mexicana
Subdivisión de forma Bibliografía
9 (RLIN) 8169
650 14 - PUNTO DE ACCESO ADICIONAL DE MATERIA--TÉRMINO DE MATERIA
Término de materia o nombre geográfico como elemento de entrada Imprenta
Subdivisión general Historia
Subdivisión geográfica México
9 (RLIN) 5745
650 14 - PUNTO DE ACCESO ADICIONAL DE MATERIA--TÉRMINO DE MATERIA
Término de materia o nombre geográfico como elemento de entrada Bibliografía
Subdivisión general Primeros libros impresos
Subdivisión geográfica Siglo XV-XVI
9 (RLIN) 18329
650 14 - PUNTO DE ACCESO ADICIONAL DE MATERIA--TÉRMINO DE MATERIA
Término de materia o nombre geográfico como elemento de entrada Incunables
9 (RLIN) 7417
902 ## - CATALOGADOR
Iniciales GFM
942 ## - ELEMENTOS DE PUNTO DE ACCESO ADICIONAL (KOHA)
Fuente del sistema de clasificación o colocación Library of Congress Classification
Tipo de ítem Koha Libros
Holdings
Estado de retiro Estado de pérdida Estado dañado No para préstamo Localización permanente Ubicación/localización actual Fecha de adquisición Número de inventario Total de préstamos Signatura topográfica completa Código de barras Fecha visto por última vez Precio válido a partir de Tipo de ítem Koha
El ejemplar forma parte de la colección y puede ser consultado según las políticas vigentes.       Biblioteca del Museo Franz Mayer (Rogerio Casas-Alatriste) Biblioteca del Museo Franz Mayer (Rogerio Casas-Alatriste) 09/04/2013 Q195   Z1412 .V35 1935 (Q195) 8045 22/03/2019 22/03/2019 Libros